<?xml version="1.0" encoding="UTF-8"?>
<collection xmlns="http://www.loc.gov/MARC21/slim">
<record>
  <controlfield tag="001">132027</controlfield>
  <controlfield tag="005">20240308105336.0</controlfield>
  <datafield tag="024" ind1="7" ind2=" ">
    <subfield code="2">doi</subfield>
    <subfield code="a">10.26754/CINAIC.2023.0129</subfield>
  </datafield>
  <datafield tag="037" ind1=" " ind2=" ">
    <subfield code="a">COMPON-2023-CINAIC-0129</subfield>
  </datafield>
  <datafield tag="041" ind1=" " ind2=" ">
    <subfield code="a"></subfield>
  </datafield>
  <datafield tag="100" ind1=" " ind2=" ">
    <subfield code="a">Ceballos-Hernández,  Cristina</subfield>
    <subfield code="u">Universidad de Sevilla, España</subfield>
  </datafield>
  <datafield tag="245" ind1=" " ind2=" ">
    <subfield code="a">Análisis comparativo de la competencia digital en la formación inicial del profesorado de secundaria de Economía: Estudio de caso en España y Países Bajos</subfield>
  </datafield>
  <datafield tag="260" ind1=" " ind2=" ">
    <subfield code="a">Zaragoza</subfield>
    <subfield code="b">Universidad de Zaragoza, Servicio de Publicaciones</subfield>
    <subfield code="c">2023</subfield>
  </datafield>
  <datafield tag="300" ind1=" " ind2=" ">
    <subfield code="e"></subfield>
  </datafield>
  <datafield tag="520" ind1="3" ind2=" ">
    <subfield code="a">La competencia digital del profesorado es un componente clave en la etapa de su formación inicial. Esta le permitirá aprovechar al máximo las herramientas y recursos digitales para mejorar los procesos de enseñanza y aprendizaje, promover la participación activa de los estudiantes y prepararlos para un mundo cada vez más tecnológico y globalizado. El objetivo del trabajo es comparar cómo se trabaja esto en dos casos concretos en lo que respecta al profesor en formación de Economía (para secundaria, bachillerato y Formación Profesional) en una universidad española y en otra de Países Bajos. Se aprecian un enfoque similar, un proceso parecido y el empleo de marcos de referencias en cada país para marcar los objetivos de formación. No obstante, se identifican diferencias en cuestiones metodológicas que sugieren transferencia de buenas prácticas entre universidades así como la creación de espacios de colaboración y cooperación entre ambas para enriquecer esta formación. </subfield>
  </datafield>
  <datafield tag="506" ind1=" " ind2=" ">
    <subfield code="a">Access copy available to the general public</subfield>
    <subfield code="f">Unrestricted</subfield>
  </datafield>
  <datafield tag="540" ind1=" " ind2=" ">
    <subfield code="9">info:eu-repo/semantics/openAccess</subfield>
    <subfield code="a">by-nc-nd</subfield>
    <subfield code="u">http://creativecommons.org/licenses/by-nc-nd/3.0/es/</subfield>
  </datafield>
  <datafield tag="653" ind1="1" ind2=" ">
    <subfield code="a">competencia digital, formación incial del profesorado, comparación de casos, España, Países Bajos.   </subfield>
  </datafield>
  <datafield tag="653" ind1="1" ind2=" ">
    <subfield code="a">digital competence, initial teacher training, case comparison, Spain, Netherlands.  </subfield>
  </datafield>
  <datafield tag="655" ind1=" " ind2="4">
    <subfield code="a">Comunicación</subfield>
  </datafield>
  <datafield tag="700" ind1=" " ind2=" ">
    <subfield code="a">Trigueros-Gordillo,  Guadalupe</subfield>
    <subfield code="u">Universidad de Sevilla, España</subfield>
  </datafield>
  <datafield tag="700" ind1=" " ind2=" ">
    <subfield code="a">Álvarez,  Roberto</subfield>
    <subfield code="u">HAN University of Applied Sciences, Países Bajos</subfield>
  </datafield>
  <datafield tag="700" ind1=" " ind2=" ">
    <subfield code="a">Snel,  Astrid</subfield>
    <subfield code="u">HAN University of Applied Sciences, Países Bajos</subfield>
  </datafield>
  <datafield tag="773" ind1=" " ind2=" ">
    <subfield code="d">Zaragoza</subfield>
    <subfield code="g">Actas del VII Congreso Internacional sobre Aprendizaje, Innovación y Cooperación, CINAIC 2023 (18-20 de Octubre de 2023, Madrid, España)



</subfield>
  </datafield>
  <datafield tag="856" ind1="4" ind2=" ">
    <subfield code="s">1033639</subfield>
    <subfield code="u">http://zaguan.unizar.es/record/132027/files/129.pdf</subfield>
  </datafield>
  <datafield tag="909" ind1="C" ind2="O">
    <subfield code="o">oai:zaguan.unizar.es:132027</subfield>
    <subfield code="p">comunicaciones-ponencias</subfield>
  </datafield>
  <datafield tag="970" ind1=" " ind2=" ">
    <subfield code="a">COMPON-2023-CINAIC-0129</subfield>
  </datafield>
  <datafield tag="980" ind1=" " ind2=" ">
    <subfield code="a">COMPON</subfield>
  </datafield>
</record>
</collection>